|
|
|
|
| LEADER |
00000cam a2200000 7i4500 |
| 001 |
0000083870 |
| 005 |
20190715.0 |
| 008 |
190709 |
| 020 |
|
|
|a 9789674606244
|
| 041 |
0 |
|
|a Malay
|
| 090 |
0 |
0 |
|a 899.23209
|b MAN
|
| 100 |
0 |
|
|a Mana Sikana ,
|d 1945-
|
| 245 |
0 |
0 |
|a Di atas pentas drama Melayu pascamoden
|c Mana Sikana
|
| 260 |
|
|
|a Kuala Lumpur :
|b Institut Terjemahan & Buku Malaysia Berhad ,
|c 2017
|
| 300 |
|
|
|a 326p. ;
|c 22.6cm.
|
| 541 |
0 |
0 |
|c Purchased on 2019
|f 2019/501 KZB
|h RM33.00
|
| 650 |
|
0 |
|a Malay drama
|x History and criticism
|
| 650 |
|
0 |
|a Malay drama
|z Malaysia
|
| 999 |
|
|
|a 0001583464
|b Book
|c Adult Collection
|e Cawangan Pontian
|
| 999 |
|
|
|a 0001583465
|b Book
|c Adult Collection
|e Cawangan Batu Pahat
|
| 999 |
|
|
|a 0001583466
|b Book
|c Adult Collection
|e Cawangan Muar
|
| 999 |
|
|
|a 0001583467
|b Book
|c Adult Collection
|e Cawangan Tmn. Ungku Tun Aminah
|
| 999 |
|
|
|a 0001583468
|b Book
|c Adult Collection
|e Cawangan Kota Tinggi
|
| 999 |
|
|
|a 0001583469
|b Book
|c Adult Collection
|e Cawangan Sri Merlong
|
| 999 |
|
|
|a 0001583470
|b Book
|c Adult Collection
|e Cawangan Bukit Gambir
|
| 999 |
|
|
|a 0001583471
|b Book
|c Adult Collection
|e Cawangan Taman Sri Lambak
|
| 999 |
|
|
|a 0001583472
|b Book
|c Adult Collection
|e Cawangan Bandar Tenggara
|
| 999 |
|
|
|a 0001583473
|b Book
|c Adult Collection
|e Cawangan Bandar Penawar
|
| 999 |
|
|
|a 0001583474
|b Book
|c Adult Collection
|e Cawangan Mersing
|
| 999 |
|
|
|a 0001583475
|b Book
|c Adult Collection
|e Cawangan Segamat
|
| 999 |
|
|
|a 0001583476
|b Book
|c Adult Collection
|e Cawangan Tangkak
|
| 999 |
|
|
|a 0001583548
|b Book
|c Adult Collection
|e Perbadanan Perpustakaan Awam Johor
|
| 999 |
|
|
|a 0001583549
|b Book
|c Adult Collection
|e Perbadanan Perpustakaan Awam Johor
|
| 999 |
|
|
|a 0001583550
|b Book
|c Adult Collection
|e Cawangan Urban Transformation Centre
|
| 999 |
|
|
|a 0001583551
|b Book
|c Adult Collection
|e Cawangan AEON Kulaijaya
|